000 01777 a2200193 4500
003 Nust
005 20221207100325.0
020 _a0070472815
040 _cNust
082 _a621.382,BAT
100 _aRegis J.Bates , Donald W.Gregory
_9104306
245 _aVoice & Data Communications Handbook /
_cRegis J.Bates , Donald W.Gregory
250 _a4th ed
260 _aNew Delhi
_bMcGraw-Hill
_c2003
300 _axxviii , 1074p
505 _aThe History of Telecom (Page-1), Voice Characteristics (Page-19), The Telephone Set (Page-53), Analog Versus Digital Comm. (Page-77), Carriers (Page-93), Lines And Trunks (Page-135), Traffic Engineering Calculations (Page-153), Equipment (Page-175), Key Telephone Systems (Page-193), Voice Processing (Page-213), Computer to Telephony Integration (Page-243), Data Comm. (Page-269), TI and T Carrier (Page-313), The Open Systems Interconnect Model (Page-357), The Internet (Page-399), Remote Access and Virtual Private Networks (Page-437), Intranet (Page-461), Packet Switching Technologies (Page-487), Lans (Page-523), Ethernet (Page-567), Token Ring Lans (Page-615), Fiber Distributed Data Interface (Page-669), Frame Relay (Page-719), Integrated Services Digital Network (Page-747), Asynchronous Transfer Mode (Page-775), Digital Subscriber Line (Page-799), Cable Modem Systems and Technology (Page-821), Signaling System 7 (Page-837), Local Number Portability (Page-859), Cellular and Personal Communications Systems (Page-883), Wireless Application Protocol (Page-915), 3G Wireless (Page-937), Light Systems (Page-953), SONET and SDH (Page-975), Finances for Telecom (Page-993), Cabling Systems (Page-1013), Planning the Communications Applications (Page-1037).
650 _aTelecommunication Engineering
942 _2ddc
_cBK
999 _c190628
_d190628